Регионална библиотека "Любен Каравелов" - Русе

Братя Лимбург (Запис номер 115515)

MARC детайли
000 -Лидер
Контролно поле с фиксирана дължина 01907nam a2200457 c 4500
003 - Код на организацията, давaща контролен номер
Контролно поле BLK
005 - Дата и час на последна редакция
Контролно поле 20200428144434.0
008 - Елементи от данни с фиксирана дължина
fixed length control field 180409b bul|||||r ||||||| ||bul||
010 ## - Наследен системен номер
LC control number KNG00121000000
040 ## - Източник на каталожния запис
Идентификатор на билиотеката - собственик на записа BLK
041 ## - Код за език
Код за езика на текст/звукозапис или на отделно заглавие Български
Код за езика КДБФ Български
080 ## - УДК
Текстов определител УДК Живопис - художници
УДК код - определител по УДК 75.071.1
УДК определител (44)(092)
УДК - код + определител 75.071.1(44)(092)
080 ## - УДК
Текстов определител УДК Френски живописец ХV в.
УДК код - определител по УДК 929 Лимбург, Пол
УДК - код + определител 929 Лимбург, Пол
080 ## - УДК
Текстов определител УДК Френски живописец ХV в.
УДК код - определител по УДК 929 Лимбург, Ерман
УДК - код + определител 929 Лимбург, Ерман
080 ## - УДК
Текстов определител УДК Френски живописец ХV в.
УДК код - определител по УДК 929 Лимбург, Жанекен
УДК - код + определител 929 Лимбург, Жанекен
100 1# - Редна дума - Автор
Автор Петров, Цанко
Авторска отговорност първи автор
R(LIN) 257752
139 ## - Редно поле
Редна дума Петров, Цанко
Авторски знак Лиля - Л 59
Feature heading Л 59 П
245 10 - Сведения за заглавието
Заглавие Братя Лимбург
Подзаглавни данни Научна студия
Редно поле (дума) Цанко Петров.
257 ## - Страна на издаване
Страна на създаване/издаване България
260 ## - Област на издателските данни
Име на издателя, разпространителя и проч. Бълг. художник
Година на издаване 1983
300 ## - Физическа характеристика
Страници 96 с., 16 л.
Илюстрации и др. репрод.
Размери/Мащаб 16 см
380 ## - Жанр
Жанр Изкуство
490 1# - СЕРИИ (Колекции)
Име на серия Библиотека Епохи, майстори, шедьоври
500 ## - Общи забележки
Забележка Бел. към текста. - Списък на ил.
600 14 - Име на лице, използвано като предмет
За него / За нея Лимбург, Жанекен
9 (RLIN) 314160
600 14 - Име на лице, използвано като предмет
За него / За нея Лимбург, Пол
9 (RLIN) 314161
600 14 - Име на лице, използвано като предмет
За него / За нея Лимбург, Ерман
9 (RLIN) 314162
650 #4 - Допълнително описание по предмет – тема
Основно описание – тема или топоним Художници, френски
9 (RLIN) 249195
651 #4 - Допълнително описание по предмет - топоним
Географско понятие Франция
9 (RLIN) 179722
653 ## - Ключова дума – ненормативна
Ключова дума живопис
653 ## - Ключова дума – ненормативна
Ключова дума Ренесанс
653 ## - Ключова дума – ненормативна
Ключова дума братя Лимбург
653 ## - Ключова дума – ненормативна
Ключова дума готика
653 ## - Ключова дума – ненормативна
Ключова дума миниатюри
653 ## - Ключова дума – ненормативна
Ключова дума брабантски художници
852 ## - Местоположение
Форматна сигнатура Цб І 20778
856 4# - Електронен адрес и достъп
Електронен формат pdf - файл
856 4# - Електронен адрес и достъп
Електронен формат pdf - файл
999 ## - СИСТЕМНИ КОНТРОЛНИ НОМЕРА
Koha biblionumber 115515
Koha biblioitemnumber 115515
942 ## - АРТИКУЛИ
Вид на библиотечния материал Книги
Скрит в OPAC Не
Периодичен библиозапис Да
944 ## - СЪЗДАВАНЕ И РЕДАКЦИЯ на ЗАПИСА
Създаване/Редакция Създаване
Дата на регистрацията/редакция 27.01.2011
Статус, дата на статуса добави в АБ / 26.01.2011
Служител, извършил регистрацията/редакцията Ирена_Линкова
944 ## - СЪЗДАВАНЕ И РЕДАКЦИЯ на ЗАПИСА
Създаване/Редакция Редакция
Дата на регистрацията/редакция 24.07.2015
Статус, дата на статуса добави в АБ / 26.01.2011
Служител, извършил регистрацията/редакцията Ирена_Линкова
999 ## - СИСТЕМНИ КОНТРОЛНИ НОМЕРА
Koha biblioitemnumber 115515
Наличности
Код за отписване Код за изгубен артикул Източник на класификационната схема Код за повреда Коз за рестрикции Код за отдаване Артикулен № Име на библиотеката - собственик Име на библиотеката, в която се намира в момента Статус (Текущо местоположение) Дата на вписване в системата Местоположение - отдел Цена в лева Инвентарен номер Систематично азбучна сигнатура Баркод Номер на екземпляра Цена в евро Служебна бележка Служебен тип на артикула
  Не е изгубен Universal Decimal Classification Не е повреден без рестрикции заемане за дома 185558 Регионална библиотека "Любен Каравелов" Русе Регионална библиотека "Любен Каравелов" Русе Отдел Изкуство - подръчен фонд 1983-01-01 Отдел Изкуство - подръчен фонд 1.00 390289 75(092)/Л 59 П 120000390289 1 0.51 N: стар фонд Дата: 01.01.1983 Дата инв: 08.06.2012 Бележки инв: * Книги
  Не е изгубен Universal Decimal Classification Не е повреден само за читалня ползва се в читалня 185559 Регионална библиотека "Любен Каравелов" Русе Регионална библиотека "Любен Каравелов" Русе Хранилище 1983-01-01 Хранилище 1.00 388036 Цб І 20778 120000388036 2 0.51 Дост: Dp Вид: Д N: сф Дата: 01.01.1983 Книги
Изтеглен Не е изгубен Universal Decimal Classification Не е повреден без рестрикции заемане за дома 185560 Регионална библиотека "Любен Каравелов" Русе Регионална библиотека "Любен Каравелов" Русе Отдел Изкуство - подръчен фонд 1983-01-01 Отдел Изкуство - подръчен фонд 1.00 390287 75(092)/Л 59 390287 3 0.51 Дост: Pk Вид: Ф N: сф Дата: 01.01.1983 Дата инв: 13.02.2015 Бележки инв: ИП2015 Книги
Изтеглен Не е изгубен Universal Decimal Classification Не е повреден без рестрикции заемане за дома 185561 Регионална библиотека "Любен Каравелов" Русе Регионална библиотека "Любен Каравелов" Русе Отдел Изкуство - подръчен фонд 1983-01-01 Отдел Изкуство - подръчен фонд 1.00 390288 75(092)/Л 59 390288 4 0.51 Дост: Pk Вид: Ф N: сф Дата: 01.01.1983 Дата инв: 13.02.2015 Бележки инв: ИП2015 Книги
Vip Innovations Ltd, Rousse, Bulgaria 2025